Тектологические условия устойчивого развития; Вып. 9: Сборник материалов IX Международной конференции молодых ученых "Актуальные проблемы социальных наук", 21-22 апреля 2007 г., Томск

Bibliografski detalji
Parent link:Вып. 9: Сборник материалов IX Международной конференции молодых ученых "Актуальные проблемы социальных наук", 21-22 апреля 2007 г., Томск.— 2008.— с. 29-33
Glavni autor: Костов С. В.
Jezik:ruski
Izdano: 2008
Format: MixedMaterials Poglavlje knjige
KOHA link:https://koha.lib.tpu.ru/cgi-bin/koha/opac-detail.pl?biblionumber=257105

MARC

LEADER 00000naa2a2200000 4500
001 257105
005 20231031215739.0
035 |a (RuTPU)RU\TPU\book\279872 
035 |a RU\TPU\book\279868 
090 |a 257105 
100 |a 20140414d2008 k y0rusy50 ca 
101 0 |a rus 
102 |a RU 
200 1 |a Тектологические условия устойчивого развития  |f С. В. Костов 
463 0 |0 (RuTPU)RU\TPU\book\268418  |y 5-94621-248-6  |t Вып. 9: Сборник материалов IX Международной конференции молодых ученых "Актуальные проблемы социальных наук", 21-22 апреля 2007 г., Томск  |v с. 29-33  |d 2008  |p 391 с. 
700 1 |a Костов  |b С. В. 
801 1 |a RU  |b 63413507  |c 20140414 
801 2 |a RU  |b 63413507  |c 20140414  |g RCR 
942 |c BK